000 00761nam a2200277 a 4500
001 000107934
003 CHAP
005 20220329143949.0
008 131121s2012 mx |r| |||0|||spa d
010 _a104396
011 _a105368
020 _a9786071202451
040 _cCHAP
082 0 4 _a630.92
_bM34
245 0 0 _aMario Calvino :
_bjornada de homenaje /
_ccompilado por María Isabel Palacios Rangel ...[et al.].
250 _a2 ed.
260 _aChapingo, Méx. :
_bCIESTAAM,
_c2012.
300 _a119 p.
590 _aE11695DGD
_b10
_c20131121
_lUCH01
_h1344
590 _aE5652GLJ
_b05
_c20131121
_lUCH01
_h1256
600 0 4 _aCalvino, Mario
_917613
650 1 4 _aAgrónomos
_xBiografía.
_92202
901 _aBK
942 _cLIBRO
942 _n0
999 _c104396
_d104396